书目信息 |
| 题名: |
深圳·园林设计廿年= Shenzhen landscape design over score years
|
|
| 作者: | 何昉 主编 | |
| 分册: | 理论篇 | |
| 出版信息: | 北京 中国城市出版社 2016.10 |
|
| 页数: | 497页 | |
| 开本: | 28cm | |
| 丛书名: | ||
| 单 册: | ||
| 中图分类: | TU986.626.53 | |
| 科图分类: | ||
| 主题词: | 园林--规划 , 公园--绿化规划 | |
| 电子资源: | ||
| ISBN: | 978-7-5074-3092-9 | |
| 000 | 00722nam0 2200205 450 | |
| 001 | 1940174995 | |
| 005 | 20190305111349.70 | |
| 010 | @a978-7-5074-3092-9@dCNY108.00 | |
| 100 | @a20190305d2016 km y0chiy0120 ea | |
| 101 | 0 | @achi |
| 102 | @aCN@b110000 | |
| 200 | 1 | @a深圳·园林设计廿年= Shenzhen landscape design over score years@AShen Zhen·Yuan Lin She Ji Nian Nian=Shenzhen landscape design over score years@h理论篇@f何昉主编@FHe Fang Zhu Bian |
| 210 | @a北京@c中国城市出版社@d2016.10 | |
| 215 | @a497页@d28cm | |
| 606 | 0 | @a园林@x规划 |
| 606 | 0 | @a公园@x绿化规划 |
| 690 | @aTU986.626.53@v4 | |
| 701 | 0 | @a何昉@AHe Fang@4主编 |
| 801 | 0 | @aCN@b大连网信软件有限公司图书馆·11@c20190305 |
| 905 | @aZUCC@dTU986.626.53@eH172 | |
| 深圳·园林设计廿年= Shenzhen landscape design over score years.理论篇/何昉主编.-北京:中国城市出版社,2016.10 |
| 497页;28cm |
| ISBN 978-7-5074-3092-9:CNY108.00 |
| ● |
| 相关链接 |
|
|
|
正题名:深圳·园林设计廿年= Shenzhen landscape d
索取号:TU986.626.53/H172
 
预约/预借
| 序号 | 登录号 | 条形码 | 馆藏地/架位号 | 状态 | 备注 |
| 1 | 1305272 | 213052729 | 建筑库201/201建筑库 120排1列6层/ [索取号:TU986.626.53/H172] | 在馆 |